| 000 | 00597 a2200265 4500 | ||
|---|---|---|---|
| 260 | _aParis | ||
| 630 | _a30 - Sciences sociales en general | ||
| 037 | _b1, CCA | ||
| 650 | _a3 - SCIENCES SOCIALES | ||
| 100 | _aFisher, Roger | ||
| 700 | _aUry, William | ||
| 700 | _aPatton, Bruce | ||
| 260 | _bEd. du Seuil | ||
| 245 | _aComment réussir une négociation | ||
| 300 | _a267 p. | ||
| 650 | _aNégociation | ||
| 260 | _c1982 | ||
| 300 | _b21 cm | ||
| 100 | _lFr | ||
| 037 | _aL 14916 | ||
| 700 | _atrad., Brahem, Léon | ||
| 020 | _a2-02-020512-2 | ||
| 999 |
_c43081 _d43081 |
||